Statistics for One Piece Characters

Click here to take the quiz!

General Stats

  • This quiz has been taken 5,063 times
    (4,880 since last reset)
  • The average score is 39 of 66

Answer Stats

Hint Character % Correct
Main protagonist, Straw Hat captain, has rubber powersMonkey D. Luffy
99%
Cat Burglar, Straw Hat navigator, loves money and wants to draw a map of the worldNami
99%
Pirate Hunter, Straw Hat swordsman, uses 3 swordsRoronoa Zoro
98%
Black Leg, Straw Hat cook, never uses his hands to fightSanji
97%
Cotton Candy Lover, Straw Hat doctor, can transform from a reindeer to a humanTony Tony Chopper
96%
Devil Child, Straw Hat archaeologist, has powers to create more body partsNico Robin
95%
Cyborg, Straw Hat shipwright, runs on colaFranky
94%
Sogeking, Straw Hat sniper, likes to lie a lotUsopp
92%
Dead Bones, Straw Hat musician, his cane is a swordBrook
92%
Main protagonist's older brother, 2nd division commander, Fire FistPortgas D. Ace
85%
Baroque Works leader, former Shichibukai, uses sand powersCrocodile
85%
Captain of Red-Haired pirates who gave a straw hat to the main protagonist, one of the YonkoShanks
85%
Newer Shichibukai who ate the Dark-Dark FruitBlackbeard
83%
Pirate King who surrendered himself to the World GovernmentGol D. Roger
80%
Saw-Tooth, shark fishman who thinks humans are inferiorArlong
80%
Strongest man in the world who used the Tremor-Tremor Fruit, one of the YonkoWhitebeard
79%
The clown pirate who ate the Chop-Chop FruitBuggy the Clown
78%
Hero of the Marines, Vice Admiral, grandfather of the main protagonistMonkey D. Garp
71%
Baroque Works member who uses Okama Kenpo, can change into anyoneBon Clay
71%
White Chase, Vice Admiral who uses smoke powersSmoker
69%
1st division commander who can transform into a phoenixMarco
68%
Baroque Works member who uses wax powersGaldino
67%
Baroque Works member who can turn his body to bladed steelDaz Bonez
66%
Leader of the Revolutionary Army, father of main protagonistMonkey D. Dragon
66%
Female Shichibukai who rules over the Kuja tribe on Amazon Lily, has a crush on main characterBoa Hancock
65%
Shichibukai who controls people's shadows and make a zombie army out of themGecko Moriah
64%
God of Skypiea, lightning powersEnel
64%
Former Baroque Works agent who is the princess of the Alabasta KingdomNefertari Vivi
64%
CP9 member who can transform into a leopardRob Lucci
61%
Red Dog, Marines current Fleet Admiral who uses magma powersAkainu / Sakazuki
61%
Former Shichibukai who was the captain of the Sun Pirates which consisted of fishmen and mermenJimbei
61%
Blue Pheasant, resigned Marine Admiral who uses ice powersAokiji / Kuzan
60%
Captain and doctor of the Heart Pirates, Operation Devil Fruit power, one of the Eleven SupernovasTrafalgar Law
60%
Red-Leg, adopted Straw Hat cook and owner of Baratie RestaurantZeff
59%
Pirate King's first mate, Dark King, lives on the Sabaody ArchipelagoSilvers Rayleigh
59%
Shichibukai who is the strongest swordsman in the world, Hawk-EyeDracule Mihawk
58%
Silver Fox, pirate who challenged the Straw Hat pirates to a Davy Back FightFoxy
57%
Yellow Monkey, Marine Admiral who uses light powersKizaru / Borsalino
56%
Shichibukai who can control people like a puppeteerDonquixote Doflamingo
55%
Captain of the Kid Pirates, Magnetism Devil Fruit power, one of the Eleven SupernovasEustass Kid
55%
Shichibukai who ate the Paw-Paw Fruit and is the model for the Pacifista, The TyrantBartholomew Kuma
54%
One of the Yonko who loves and would destroy islands for sweetsCharlotte Linlin / Big Mom
53%
Former Fleet Admiral of the Marines who ate the Human-Human Fruit Daibutsu ModelSengoku
49%
Octopus fishman who uses Six Swords Style and owns a takoyaki restaurantHatchan
48%
Black Cat Pirates captain, Thousand Plans, long "claws"Captain Kuro
48%
Mermaid Princess who has the legendary power of talking to Sea KingsPrincess Shirahoshi
47%
Impel Down's Chief Warden who uses the Venom-Venom FruitMagellan
46%
CP9 member with rectangular nose that can transform into a giraffeKaku
46%
Master Chief Petty Officer who joined the Marines under the "Hero"Koby
45%
Captain of the New Fishman Pirates who assassinates the queen of Fishman IslandHordy Jones
44%
Second in command of ^, clumsy swordsmanTashigi
41%
3rd division commander with diamond powersJozu
40%
Former ruler of the Drum Empire who ate the Munch-Munch FruitWapol
38%
CP9 member who could create a door out of anything and posed as the bartender in Water 7Blueno
37%
Son of a corrupt Marine captain who joins the navy with ^Helmeppo
35%
Foul Play, has a steel armor loaded with weaponsDon Krieg
34%
Mayor of Water 7 and president of Galley-La CompanyIceburg
34%
Leader of CP9 with elephant-sword FunkfreedSpandam
33%
A 141 year old doctor who lives on Drum Island, taught medicine to Straw Hat doctorDr. Kureha
31%
Miracle Person, comrade of the Revolutionary ArmyEmporio Ivankov
29%
CP9 member that can transfer into a wolfJabra
28%
Former first mate of the Black Cat Pirates who becomes a Seaman Recruit with FullbodyJango
27%
Head foreman of the Galley-La Company, uses ropes to fightPaulie
20%
Impel Down's Vice Chief WardenHannyabal
19%
Conductor of the Sea Train of Water 7, old mermaidKokoro
18%
Marine officer who commands the Marines' science unit, bodyguard of Dr. VegapunkSentomaru
14%

Score Distribution

Percentile by Number Answered

Percent of People with Each Score

Your Score History

You have not taken this quiz since the last reset